000 00951pam a2200253 a 4500
001 4328307
005 19890124174309.9
008 880414s2009 nyua |rbd 000 0 eng
010 _a 88012563
020 _a9780080964911
040 _aDLC
_cDLC
_dDLC
050 0 0 _aTJ163.16
_b.D5 1988
082 0 0 _a621.04203
_222
_bENE
245 0 0 _aDictionary of Energy /
_cEditors in chief Cutler J. Cleveland, Christopher Morris.
250 _aExpanded ed.
260 _aAmestrdam :
_bElsevier, 2009
_cc.2009.
300 _a581 p. :
_bill. ;
_c24 cm.
650 0 _aPower resources
_xDictionaries.
_911513
650 0 _aPower (Mechanics)
_xDictionaries.
_911514
700 1 _aCleveland, Cutler J.
_911956
700 1 _aMorris, Christopher
_911957
942 _2ddc
_cREFERENCE
999 _c13423
_d13423